000 00336ntaaa2200145 4500
003 01
005 20251027201112.0
008 0714s1973 ag 01
040 _aAR-BaBN
_bspa
_cAR-BaBN
_eaacr
_dRIC
082 _a205.6 C
245 _aEvangelista Cubano
250 _a1 ed.,
_c1923
500 _aEste es un numero de una revista
942 _cBK
999 _c5223
_d5223